| 000 | 00484pam a2200181 a 4500 | ||
|---|---|---|---|
| 020 | _a007054445X | ||
| 040 | _cDLC | ||
| 082 | 0 | 0 | _a540 HIL 1992 A057 Or. |
| 100 | 1 | _aRussell, John Blair, | |
| 245 | 1 | 0 | _aGeneral chemistry / |
| 250 | _a2nd ed. | ||
| 260 |
_aNew York : _bMcGraw-Hill, _cc1992. |
||
| 300 |
_a1 v. (various pagings) : _bill. (some col.) ; _c26 cm. |
||
| 490 | 1 | _aSchaum's outline series in science | |
| 500 | _aIncludes index. | ||
| 650 | 0 | _aChemistry. | |
| 942 | _cEK | ||
| 999 |
_c13981 _d13981 |
||